| 000 | 00680cam a22002293a 4500 | ||
|---|---|---|---|
| 001 | 31031 | ||
| 003 | PGUSA | ||
| 005 | 20140828083654.0 | ||
| 008 | 100120s2010||||xxu|||||s|||||000 | eng d | ||
| 040 |
_aPGUSA _beng |
||
| 042 | _adc | ||
| 050 | 4 | _aDA | |
| 100 | 1 |
_aLathbury, Thomas, _d1798-1865 |
|
| 245 | 1 | 0 |
_aGuy Fawkes; Or, A Complete History Of The Gunpowder Treason, A.D. 1605 _h[electronic resource] / _cThomas Lathbury |
| 260 |
_bProject Gutenberg, _c2010 |
||
| 506 | _aPublic domain in the USA. | ||
| 516 | _aElectronic text | ||
| 653 | _aGunpowder Plot, 1605 | ||
| 830 | 0 |
_aProject Gutenberg _v31031 |
|
| 856 | 4 | 0 | _uhttp://www.gutenberg.org/ebooks/31031 |
| 942 | _cEB | ||
| 999 |
_c260286 _d260286 |
||